|
|
|
|
| LEADER |
00760cam a2200205 7i4500 |
| 001 |
0000026345 |
| 005 |
20110301090000.0 |
| 008 |
090311 dwi |
| 090 |
0 |
0 |
|a HD6958.5
|b .M35
|
| 110 |
1 |
|
|a Malaysia
|
| 245 |
1 |
0 |
|a Laporan tahunan
|c Jabatan Perhubungan Perusahaan Malaysia.
|
| 260 |
|
|
|a Putrajaya:
|b JPPM,
|c 2005-.
|
| 300 |
|
|
|a v.:
|b ill., col.;
|c 29 cm.
|
| 310 |
|
|
|a Annually
|
| 500 |
|
|
|a Library has: 2005; 2006
|
| 650 |
0 |
0 |
|a Industrial relations --
|z Malaysia
|
| 999 |
|
|
|a ANL0000006
|b BOK
|c ANNUAL REPORT
|e 2nd Floor, Shah Alam
|
| 999 |
|
|
|a ANL0000091
|b BOK
|c ANNUAL REPORT
|e Reference Room, Bestari Jaya
|
| 999 |
|
|
|a ANL0000148
|b BOK
|c ANNUAL REPORT
|e Reference Room, Bestari Jaya
|
| 999 |
|
|
|a ANL0000201
|b BOK
|c ANNUAL REPORT
|e 2nd Floor, Shah Alam
|